000 01337nam a22002777a 4500
005 20110127111440.0
008 110127t xxu||||| |||| 00| 0 hin d
010 _aHIN-91649
020 _a8189562134
_c250.00
035 _aHN-63995
037 _bDBAD / PUB
040 _aDPL
_bHN
082 _a
100 _925632
_aठाकुर, रवीन्द्रनाथ
245 _aअन्य कहानियाँ /
_cरवीन्द्रनाथ ठाकुर
246 _aAnya Kahaniyan
_bby Ravinder Nath Tagore
260 _aनई दिल्ली
_bराष्ट्रीय हिन्दी साहित्य परिषद
_c2011
270 _a33/1, भूलभुलैयाँ रोड, महरौली
_bनई दिल्ली
_e110030
_k011- 26641987
300 _a160पृ.
_c22सेमी (सजिल्द)
500 _aनोबेल पुरस्कार प्राप्त साहित्यकार द्वारा रचित
650 _9657
_aलघु कथाएँ, हिन्दी
650 _aHindi Fiction
_925656
700 _925634
942 _2ddc
_cHN
_h
_mठाकुर
999 _c50145
_d50145